Lecciones de química experimental: 5§ Año
Wedi'i Gadw mewn:
| Prif Awdur: | |
|---|---|
| Fformat: | Llyfr |
| Iaith: | Sbaeneg |
| Cyhoeddwyd: |
Santiago
Universitaria
1921
|
| Pynciau: | |
| Tagiau: |
Ychwanegu Tag
Dim Tagiau, Byddwch y cyntaf i dagio'r cofnod hwn!
|
MARC
| LEADER | 00000nam a2200000 a 4500 | ||
|---|---|---|---|
| 001 | UCZ8576 | ||
| 003 | CL-VaPUC | ||
| 008 | 960121e19210000CL |||||||||||||||||spa|d | ||
| 082 | 0 | 4 | |a 372.35 |b SOT |2 21 |
| 100 | 0 | |a Soto V., Adrián |e author |9 353916 | |
| 245 | 1 | 0 | |a Lecciones de química experimental: 5§ Año |
| 300 | |a 207 p | ||
| 942 | |c BK | ||
| 945 | |d 19960121 00:00:00 |a lriquelm | ||
| 260 | |a Santiago |b Universitaria |c 1921 | ||
| 650 | 7 | |a QUIMICA EXPERIMENTAL |2 CL-VaPUC |9 343056 | |
| 650 | 0 | |a Enseñanza de la química |9 339845 | |
| 650 | 7 | |a EXPERIMENTACION |2 CL-VaPUC |9 353917 | |
| 650 | 0 | |a Investigación científica |9 259857 | |
| 650 | 7 | |a LABORATORIOS QUIMICOS |2 CL-VaPUC |9 336607 | |
| 583 | |a last modification |c 20121104 09:51:46 |k Rodrigo Vera | ||
| 999 | |c 244437 |d 244435 | ||
| 952 | |0 0 |1 0 |4 0 |6 372_350000000000000_SOT_1921 |7 0 |8 P |9 258498 |a BIBEDU |b BIBEDU |c BIBEDU_PB |d 2019-11-19 |i 1619578 |o 372.35 SOT 1921 |p 1619578 |r 2024-01-25 |w 2019-11-19 |y BK |k EDU | ||
| 952 | |0 0 |1 0 |4 0 |6 372_350000000000000_SOT_1921 |7 0 |8 P |9 258499 |a BIBEDU |b BIBEDU |c BIBEDU_PB |d 2019-11-19 |i 1619535 |o 372.35 SOT 1921 |p 1619535 |r 2024-01-25 |w 2019-11-19 |y BK |k EDU | ||